000 00337nam a2200145Ia 4500
008 230718s9999 xx 000 0 und d
041 _aEng.
082 _a347.046
_bKAM-L
100 _aKamyana M. Suddique
245 0 _aLand Revenue 1968
260 _aPakistan
_bMamool law bok
_c2011
300 _a346
650 _aLaw
999 _c28989
_d28989